000 00563nam a2200205Ia 4500
005 20241129110231.0
008 241129s9999||||xx |||||||||||||| ||und||
037 _aTB
040 _aARTS
_beng
_cARTS
041 _aeng
_2urd
084 _aO168,6N05x N6:Q4
_qARTS
100 _aMufti Mumtaz Au.
_9188310
245 0 _aTalash
_cMufti Mumtaz Au.
260 _aNew Delhi, India
_bNew Aakif Book depot
_c2016
300 _a278p.
365 _aINR
_b220
650 _aUrdu Prose
_926866
942 _cTB
_hO168,6N05x N6:Q4
999 _c1227820
_d1227820